000 00634nam a2200229Ia 4500
003 OSt
005 20220926013501.0
006 a|||||r|||| 00| 0
007 ta
008 220923b |||||||| |||| 00| 0 eng d
037 _cGeneral Book
040 _aRTL
_cRTL
_beng
041 _2eng
_aeng
082 _aX65g, L5
100 _aHarper Victor L.
_9318439
245 0 _aHandbook of investment products and services
260 _aNew York
_bInstitute of Finance USA
_c1975
300 _axvii, 429p.
_ccm.
650 _aInvestment
942 _hX65g, L5
_cGB
_2CC
999 _c626081
_d626081